| 000 | 00658cam a22002171 4500 | ||
|---|---|---|---|
| 001 | ne 64001716 | ||
| 003 | DLC | ||
| 005 | 20260227111802.0 | ||
| 008 | 840123s1964 ua 000 0 ararc | ||
| 010 | _ane 64001716 | ||
| 035 | _a(OCoLC)10329817 | ||
| 040 |
_aPrinceton Univ. Libr. _cTxU _dTxU _dDLC |
||
| 042 | _apremarc | ||
| 050 | 0 | 0 |
_aHF499 _b.N36 |
| 100 | 1 | _aNāmiq, Ṣalāḥ al-Dīn. | |
| 245 | 1 | 3 |
_aal-Tijārah al-dawlīyah _c[taʼlīf] Ṣalāḥ al-Dīn Nāmiq. |
| 260 |
_a[al-Qāhirah] _bMaṭbaʻat Lajnat al-Bayān al-ʻArabī, _c1964. |
||
| 300 |
_a644 p. _billus. _c24 cm. |
||
| 504 | _aBibliography: p. [641]-[642] | ||
| 650 | 0 | _aCommerce. | |
| 999 |
_c47216 _d47216 |
||